000 00328nam a22001337a 4500
008 170821b xxu||||| |||| 00| 0 eng d
020 _a9780134392332
041 _aeng
080 _22ND
_a51
100 _a37
101 _aMAT
245 _aTEACHING MATHEMATICS IN SECONDARY AND MIDDLE SCHOOL
_cCANGELOSI,J.S
942 _2udc
_cBK
999 _c24348
_d24348